00499nam a22001577a 450000500170000001000150001702000270003203500160005903700130007508200120008824500770010026000220017727000880019930000270028770000270031420210923121508.0 aENG-130004 a9789353887421c1350.00 a EN-113486 bDBAD/PUB a370.954 aEducation in India:cedited by Jandhyala B.G.TilakbPolicy and practice/ bSageaIndiac2021 bNew Delhie110044aB1/1-1,Mohan Cooperative industrial Area Mathura road Post Bag 7 axxxii,364p.c25cm(hbk) aTilak, Jandhyala B.G.